[Event "It"]
[Site "Pamplona ESP"]
[Date "2003.12.26"]
[Round "5"]
[White "Bologan, V."]
[Black "Sutovsky, E."]
[Result "0-1"]
[WhiteElo "2673"]
[BlackElo "2646"]
[PlyCount "58"]
[EventDate "2003.12.20"]

{B90: Sicilian Najdorf: Unusual White 6th moves, 6 Be3 Ng4 and 6 Be3 e5
} 1. e4
c5 2. Nf3 d6 3. d4 cxd4 4. Nxd4 Nf6 5. Nc3 a6 6. Be3 e5 7. Nb3 Be6 8. f3 Nbd7
9. g4 Nb6 10. Qd2 (10. g5 Nh5 11. Qd2 Be7 12. O-O-O Rc8 13. Rg1 O-O 14. Kb1 g6
15. Qf2 Nc4 16. Bxc4 Bxc4 17. Na4 Be6 18. Nb6 Rc7 19. Qd2 Rc6 20. Nd5 Bxd5 21.
exd5 Rc8 22. Qd3 Qd7 23. c4 f6 24. gxf6 Rxf6 {
Leko,P-Anand,V/Dortmund 2003/CBM 97/[Ftacnik]/0-1 (46)}) 10... d5 11. g5 $146 (
11. O-O-O d4 12. Nxd4 exd4 13. Bxd4 Qc7 (13... Be7 14. Qe3 Nbd7 15. h3 Qa5 16.
f4 Bxa2 17. g5 Nh5 18. h4 Rg8 19. Bh3 Nc5 20. Bg4 g6 21. Nxa2 Qxa2 22. Bxc5
Qa1+ 23. Kd2 Rd8+ 24. Ke2 Qxb2 25. Kf3 Qxc2 26. Rxd8+ Bxd8 27. Rc1 Qh2 28. Rg1
{Topalov,V-Ivanchuk,V/Monte Carlo 2000/CBM 76/[Stohl]/1-0 (33)}) 14. Qe3 Nbd7
15. g5 Nh5 16. Nd5 Bxd5 17. exd5+ Kd8 18. d6 Bxd6 19. Qb3 Nf4 20. Bxg7 Re8 21.
Qxf7 Rc8 22. c3 Qc6 23. Bd3 Kc7 24. Be4 Rxe4 25. fxe4 Qxe4 {
Blehm,P-Senff,M/Yerevan 2000/CBM 78 ext/0-1 (40)}) (11. Bxb6 Qxb6 12. exd5 Rd8
13. Qf2 Qxf2+ 14. Kxf2 Nxd5 15. Nxd5 Bxd5 16. Bd3 Be7 17. Rhd1 h5 18. c4 Bc6
19. g5 Bxg5 20. Na5 Be7 21. Nxc6 bxc6 22. Be4 Bc5+ 23. Ke2 Rh6 24. Rxd8+ Kxd8
25. Rb1 a5 {Zhang Pengxiang-Zhao Jun/Tianjing 2003/EXT 2004/0-1 (52)}) 11... d4
12. Nxd4 $6 (12. gxf6 $142 dxe3 13. Qxe3 gxf6 14. Bd3 h5) 12... exd4 13. Bxd4
Nh5 14. Qf2 (14. Qe3 {Protecting the g5 pawn.} Nc4 15. Bxc4 Bxc4 16. O-O-O)
14... Nc4 15. Bxc4 Bxc4 16. O-O-O (16. h4) 16... Qxg5+ 17. Kb1 Be7 18. Be3 Qh4
19. Qxh4 Bxh4 20. Nd5 Bd8 21. Rd4 Rc8 22. b3 Be2 23. f4 Nf6 24. Re1 Bb5 25. c4
Bc6 26. f5 Bxd5 27. exd5 Kd7 28. Rd3 Re8 29. Rf1 Ne4 (29... Ne4 30. Bd4 Bg5 $19
) 0-1

[Event "It"]
[Site "Pamplona ESP"]
[Date "2003.12.26"]
[Round "5"]
[White "Karjakin, Sergey"]
[Black "Pelletier, Y."]
[Result "0-1"]
[WhiteElo "2562"]
[BlackElo "2604"]
[PlyCount "80"]
[EventDate "2003.12.20"]

{B48: Sicilian: Taimanov: 5 Nc3 Qc7 6 Be3 a6 without Be2
} 1. e4 c5 2. Nf3 e6
3. d4 cxd4 4. Nxd4 Nc6 5. Nc3 Qc7 6. Be3 a6 7. Qd2 Nf6 8. O-O-O Bb4 9. f3 Ne5
10. Nb3 b5 11. Kb1 Be7 12. Bd4 d6 13. Qf2 O-O (13... Rb8 14. g4 h6 15. h4 Nc4
16. Bxc4 bxc4 17. Nd2 e5 18. Ba7 Rb7 19. g5 Nh5 20. Nd5 Qc6 21. Nf1 Be6 22. Be3
Bxd5 23. exd5 Qb5 24. c3 Nf4 25. Bxf4 exf4 26. Rg1 O-O 27. Rg2 Rfb8 28. Rd2 {
Morozevich,A-Anand,V/Dortmund 2001/CBM 85/[Ribli]/1/2-1/2 (38)}) 14. g4 Bb7
$146 (14... b4 15. Na4 Bb7 16. Rg1 Nfd7 17. Nb6 Rab8 18. g5 Rfd8 19. Nxd7 Nxd7
20. h4 d5 21. Bd3 e5 22. Ba7 Ra8 23. exd5 Rxa7 24. Qxa7 Nc5 25. d6 Bxd6 26. Be4
Nxe4 27. fxe4 Ra8 28. Qe3 a5 29. Qd3 {
Leko,P-Lutz,C/Essen 2002/CBM 90/[Ribli]/1-0 (62)}) (14... Nfd7 15. Rg1 Bb7 16.
a3 (16. g5 Rfc8 17. a3 Nc4 18. Bxc4 bxc4 19. Nc1 Rab8 20. N1e2 Bc6 21. Ka1 Qa5
22. Na2 e5 23. Bc3 Qc7 24. Ng3 g6 25. Nf1 Nc5 26. Ne3 a5 27. Qd2 Rb5 28. h4 Ne6
29. Rb1 Rc5 30. Nc1 Rd8 {Kasparov,G-Ye Jiangchuan/Bled 2002/EXT 2003/1-0 (66)})
16... Rab8 17. g5 Nc4 18. Bxc4 bxc4 19. Nd2 d5 20. exd5 Bxd5 21. Ka2 Qb7 22.
Rb1 e5 23. Ba7 Ra8 24. Be3 Be6 25. Nde4 Rfd8 26. h4 Rab8 27. Ba7 Ra8 28. Be3
Rab8 29. Ba7 {
Ibarra Jerez,J-Rodriguez Guerrero,E/Andorra 2003/CBM 95 ext/1-0 (48)}) 15. Bb6
Qb8 16. Na5 Rc8 17. Bd4 (17. g5 $5 Nfd7 18. Be3 $15) 17... b4 $17 18. Na4 (18.
Bxe5 $142 $5 bxc3 19. Bxf6 Bxf6 20. g5 $19) 18... Nxe4 $19 19. fxe4 Bxe4 20.
Bxe5 Bxc2+ (20... Bxh1 $6 21. Bd3 dxe5 22. Rxh1 $14) 21. Qxc2 Rxc2 22. Bxd6
Bxd6 (22... Qxd6 23. Rxd6) 23. Kxc2 Qc7+ 24. Kb3 Qxa5 25. Rxd6 Rd8 26. Rxd8+
Qxd8 27. Bc4 a5 28. a3 Qb8 29. Ka2 bxa3 30. bxa3 Qf4 31. Nb2 Qxg4 32. Rd1 g5
33. Rd3 Qf4 34. h3 h5 35. Rc3 (35. Rd8+ Kg7 36. Rd7 Qf5 $19) 35... g4 36. hxg4
hxg4 37. Be2 g3 38. Bf3 Qd2 (38... f5 39. Nc4 e5 40. Kb3 $19) 39. Rc4 (39. Kb3
g2 40. Bxg2 Qxg2 $19) 39... f5 40. Rc8+ Kg7 (40... Kg7 41. Rc7+ Kf6 $19) 0-1

[Event "It"]
[Site "Pamplona ESP"]
[Date "2003.12.26"]
[Round "5"]
[White "McShane, L."]
[Black "Nakamura, H."]
[Result "1/2-1/2"]
[WhiteElo "2649"]
[BlackElo "2565"]
[PlyCount "82"]
[EventDate "2003.12.20"]

{B50: Sicilian: 2...d6, Miscellaneous
} 1. e4 c5 2. Nf3 d6 3. c3 Nf6 4. Be2 Bd7
5. Qc2 Bc6 6. d3 Nbd7 7. O-O (7. Nbd2 Rc8 8. O-O e6 (8... g6 9. Qb1 Bg7 10. d4
cxd4 11. cxd4 e6 12. b4 b5 13. a4 a6 14. a5 O-O 15. Bd3 Rc7 16. Re1 Bb7 17. Nb3
Qe7 18. Bg5 h6 19. Bh4 g5 20. Nxg5 hxg5 21. Bxg5 e5 22. Nd2 Rfc8 23. Nf3 {
Rendle,T-Collins,S/Edinburgh 2003/CBM 95 ext/1/2-1/2 (53)}) 9. Ng5 h6 10. Nh3
b5 11. f4 g6 12. a4 a6 13. axb5 axb5 14. Bf3 Bg7 15. f5 g5 16. fxe6 fxe6 17.
Qb3 Qe7 18. Nf2 Ne5 19. Be2 O-O 20. Ra6 Ng6 21. g3 d5 {
Timman,J-Kramnik,V/Dortmund 1999/CBM 72/0-1 (28)}) 7... e6 $146 (7... g6 8. Re1
Bg7 9. Bf1 Rc8 10. d4 cxd4 11. Nxd4 O-O 12. Nxc6 Rxc6 13. Nd2 Qb8 14. Nf3 b5
15. Nd4 Rb6 16. Nb3 Rc8 17. Be3 Rb7 18. h3 Ne5 19. Na5 Rbc7 20. f4 Nc6 21. Nxc6
Rxc6 22. Rad1 {Wohl,A-Turpanov,M/Calcutta 2001/CBM 85/1/2-1/2 (58)}) 8. c4 a6
9. Nc3 e5 10. a3 Be7 11. b4 b6 12. Be3 O-O 13. Nd2 Ne8 14. Bg4 Nc7 15. Nd5 Ne6
16. Rab1 g6 17. Bh6 Re8 18. Bxe6 fxe6 19. Nxe7+ Qxe7 20. f4 Qh4 21. Bg5 Qh5 22.
Rf3 exf4 23. Bxf4 e5 24. Be3 Rf8 25. Rbf1 Rxf3 26. Nxf3 (26. gxf3 $143 Rf8 $15)
26... h6 27. b5 Bb7 28. bxa6 Rxa6 29. Qd2 g5 30. h4 gxh4 (30... g4 31. Ne1 Rxa3
$14) 31. Bxh6 $14 Rxa3 $2 (31... d5 32. exd5 b5 33. Be3 $16) 32. Bg5 $4 (32.
Qg5+ $142 Qxg5 33. Nxg5 $18) 32... h3 33. Nh4 Nf8 $4 (33... Kh7 $5 $11) 34. Qf2
$16 (34. gxh3 $6 Ne6 35. Rf5 Nd4 $11) 34... Ne6 $4 (34... Ra8 35. Be7 Nd7 36.
Qg3+ Kh7 $18) 35. Qf6 $18 Bc8 36. Ng6 Ra7 (36... Nxg5 $4 37. Qf8+ Kh7 38. Qh8+
Kxg6 39. Rf6#) 37. g3 $4 (37. Bh6 $142 $1 {A great deflection/decoy shot
pointed out by Fritz. White threatens Qh8 mate. The queen is lured to h6.} Qxh6
(37... Rg7 38. Bxg7 Nxg7 39. Qd8+ Kh7 40. Nf8+ Kh8 41. Nd7+ Kh7 42. Nf6+) (
37... Ng7 38. Qd8+ Kh7 39. Nf8+ Kg8 40. Nd7+ Kh7 41. Nf6+) 38. Ne7+ Rxe7 39.
Qxh6 $18) 37... h2+ $1 $11 {Nakamura's defense pays off. Miracle draw!} (37...
Nxg5 $4 38. Qf8+ Kh7 39. Qh8+ Kxg6 40. Rf6#) 38. Kh1 (38. Kg2 $4 Nf4+ $1 39.
Kh1 (39. gxf4 h1=Q+ 40. Rxh1 Ra2+ 41. Kg3 Qg4#) 39... Nxg6) 38... Qh3 {
Amazingly enough Black has time to make this quiet move.} (38... Nxg5 $4 39.
Qf8+ Kh7 40. Qh8+ Kxg6 41. Rf6#) 39. Bh4 (39. Bh6 Nf4) 39... Nf4 $1 {An interfe
rence move to counter an interference move. The f1 rook is hanging and the
back rank is weak.} 40. Qh8+ Kf7 41. Qf6+ Kg8 1/2-1/2

[Event "It"]
[Site "Pamplona ESP"]
[Date "2003.12.27"]
[Round "6"]
[White "Illescas Cordoba, M."]
[Black "Nakamura, H."]
[Result "1-0"]
[WhiteElo "2602"]
[BlackElo "2565"]
[PlyCount "109"]
[EventDate "2003.12.20"]

{D11: Slav Defence: 3 Nf3 sidelines and 3...Nf6 4 e3 Bg4
} 1. d4 d5 2. c4 c6 3.
Nf3 Nf6 4. e3 a6 5. Qc2 Bg4 6. Ne5 Bh5 7. cxd5 $146 (7. Qb3 Qc7 8. cxd5 (8. Nd2
e6 9. Bd3 Bg6 10. Nxg6 hxg6 11. h3 Nbd7 12. Nf3 Be7 13. Bd2 O-O 14. Rc1 Rfe8
15. O-O Rac8 16. Rc2 Qb8 17. Rfc1 Bd6 18. cxd5 exd5 19. Bb4 Bc7 20. Ng5 Nh7 21.
Nxh7 Kxh7 22. e4 a5 {Link,U-Ratushni,M/Bayern 2002/EXT 2003/0-1 (51)}) 8...
cxd5 9. Nc3 e6 10. Bd2 Nbd7 (10... Bd6 11. Rc1 Nc6 12. Na4 O-O 13. Nxc6 bxc6
14. Qb6 Qe7 15. Bd3 Bg6 16. Bxg6 fxg6 17. f3 Ne4 18. fxe4 Qh4+ 19. g3 Qxe4 20.
Ke2 Qg2+ 21. Kd3 Rf2 22. Qa5 Rb8 23. a3 Bc7 24. Qxc7 Rxd2+ 25. Kc3 {
Azmaiparashvili,Z-Kasparov,G/Crete 2003/CBM 98 no vc/0-1 (25)}) 11. Rc1 Qb8 12.
f4 Be7 13. a4 O-O 14. Bd3 Qa7 15. O-O Rac8 16. a5 Nxe5 17. fxe5 Nd7 18. Na4 Bg6
19. Bxg6 hxg6 20. Bb4 Rxc1 21. Rxc1 Bxb4 {
Kraeussling,A-Wachinger,G/Bad Neustadt 1992/EXT 99/0-1 (43)}) (7. Bd3 e6 8. Nd2
(8. O-O Nbd7 9. f4 Be7 10. Nc3 dxc4 11. Bxc4 O-O 12. Kh1 Bg6 13. Nxg6 hxg6 14.
Bb3 c5 15. d5 c4 16. Bxc4 Nb6 17. Bb3 exd5 18. Bd2 Rc8 19. Rad1 Ne4 20. Be1
Nxc3 21. Bxc3 Bb4 22. e4 Bxc3 {
Sharif,M-Bacrot,E/Aubervilliers 2002/CBM 86 ext/0-1 (53)}) 8... Nbd7 9. Ndf3
Nxe5 10. Nxe5 Nd7 11. Nxd7 Qxd7 12. O-O Bg6 13. b3 Be7 14. Bb2 O-O 15. e4 dxe4
16. Bxe4 Bf6 17. Rad1 Rfd8 18. Qe2 Bxe4 19. Qxe4 Qc7 20. Rd3 Rd7 21. Rfd1 Rad8
{Khalifman,A-Kasparov,G/Moscow 2002/CBM 90/1/2-1/2 (33)}) 7... cxd5 8. Qb3 Ra7
9. Bd2 e6 10. Nc3 Be7 11. Bd3 O-O 12. O-O Nbd7 13. Nxd7 Nxd7 14. Rfc1 Bd6 15.
Bf1 Qe7 16. e4 b5 17. e5 Bc7 18. Ne2 Bxe2 19. Bxe2 Rb8 20. Qd3 Bb6 21. Be3 Qe8
22. Rc2 Rc8 23. Rac1 Rxc2 24. Rxc2 Nb8 25. Qb3 Rc7 26. Rxc7 Bxc7 27. a4 bxa4
28. Qb7 Ba5 29. g3 h6 30. h4 Qf8 31. Bd1 Qb4 32. Qc8+ Qf8 33. Qb7 Qb4 34. Qxb4
Bxb4 35. Bxa4 Kf8 36. h5 a5 37. Bb5 Ke7 38. g4 Nd7 39. b3 Nf8 40. Bd3 Bc3 41.
f4 f6 42. Kf2 Kf7 43. Ke2 Ke7 44. Ba6 Nd7 45. Kd3 Bb4 46. Bb5 f5 47. Bf2 Nf8
48. Bh4+ Kf7 49. gxf5 exf5 50. Bc6 Ke6 51. Bb7 g6 $4 (51... Nd7 $142 $16) 52.
Bc8+ $18 Kf7 53. e6+ $1 Ke8 (53... Nxe6 {Deflection from g6} 54. hxg6+) 54.
Bd7+ $1 Nxd7 {Theme: Deflection from g6} 55. hxg6 (55. hxg6 Bf8 56. exd7+ Kxd7
57. Bf6 $18) (55. exd7+ $6 Kxd7 56. hxg6 Ke6 $14) 1-0

[Event "It"]
[Site "Pamplona ESP"]
[Date "2003.12.27"]
[Round "6"]
[White "Pelletier, Y."]
[Black "McShane, L."]
[Result "0-1"]
[WhiteElo "2604"]
[BlackElo "2649"]
[PlyCount "84"]
[EventDate "2003.12.20"]

{D82: Grunfeld: 4 Bf4
} 1. d4 Nf6 2. c4 g6 3. Nc3 d5 4. Bf4 Bg7 5. e3 c5 6.
dxc5 Qa5 7. Rc1 dxc4 8. Bxc4 O-O 9. Nge2 (9. Qa4 Qxc5 10. Nb5 Nd5 11. Ne2 Na6
12. Qb3 Nxf4 13. Nxf4 Qb4+ 14. Nc3 Qxb3 15. Bxb3 Bd7 16. Ke2 e6 17. Rhd1 Rfd8
18. Rc2 Kf8 19. Ba4 Bxa4 20. Rxd8+ Rxd8 21. Nxa4 Ke7 22. a3 Rd7 23. b4 Rc7 {
Farago,I-Schmidt,W/Bagneux 1980/EXT 2004/0-1 (51)}) 9... Nbd7 $146 (9... Nc6
10. O-O e5 (10... Qxc5 11. Nb5 Qh5 12. Nc7 (12. f3 g5 13. Bg3 Rd8 14. Qe1 Qg6
15. Nc7 Rb8 16. Nb5 {
1/2-1/2 Pinter,J-Shamkovich,L/La Valetta 1980/EXT 2000 (16)}) 12... Rb8 13. Ng3
Qxd1 {1/2-1/2 Plischki,S-Joachim,S/Bad Zwesten 2003/CBM 92 ext (13)}) 11. Bg5
Qxc5 12. Qa4 Qa5 13. Qb3 Rb8 14. Bxf6 Bxf6 15. Ne4 Be7 16. Bxf7+ Rxf7 17. Rxc6
Kg7 18. Nd6 Bxd6 19. Rxd6 Bg4 20. Nc3 Rbf8 21. Qd5 Qxd5 22. Rxd5 Be6 23. Rd2 b5
24. a3 {Martyn,R-Hossain,E/Edinburgh 2003/CBM 95 ext/1/2-1/2 (50)}) 10. O-O
Nxc5 (10... Qxc5 $2 11. Nb5 Qh5 12. Nc7 $18) 11. Nb5 Bd7 12. Ned4 a6 13. Bc7 b6
14. Na3 Qb4 15. Nb3 Ne6 16. Be5 Rfd8 17. Qe2 b5 18. Bxe6 Bxe6 (18... fxe6 $143
19. Rfd1 Qg4 20. Qxg4 Nxg4 21. Bxg7 Kxg7 22. Nc5 $18) 19. Nd4 Bd5 (19... Bxa2
$143 20. Nc6 Qe4 21. Nxd8 Rxd8 22. f4 $11) 20. Nac2 Qa5 21. Rfd1 Rac8 (21...
Bxa2 $143 22. Nc6 Qb6 23. N2d4 $16) 22. a3 Qb6 23. Nb4 Bb7 24. Nd3 Bf8 25. Nb3
Bd5 26. Bd4 Qb8 27. Nbc5 Qa8 28. f3 Ne8 29. Qf2 f6 30. e4 Bc4 31. b3 Bxd3 32.
Ne6 $4 (32. Be3 $142 Rxc5 33. Bxc5 $15) 32... Rxc1 $19 33. Rxc1 Rc8 34. Qd2
Rxc1+ 35. Qxc1 b4 36. Qd2 Bb5 37. Qxb4 Qc8 38. Nxf8 Kxf8 39. Bc5 Qd7 40. a4 $4
(40. Kf2 Ng7 41. a4 Bd3 $19) 40... Bc6 (40... Qd1+ 41. Kf2 Qe2+ 42. Kg3 Ng7 43.
Bxe7+ Kf7 44. Qxb5 axb5 $19) 41. Qc4 Bb7 42. h3 Ng7 (42... Ng7 43. h4 f5 44.
exf5 gxf5 $19) 0-1

[Event "It"]
[Site "Pamplona ESP"]
[Date "2003.12.27"]
[Round "6"]
[White "Sutovsky, E."]
[Black "Karjakin, Sergey"]
[Result "1-0"]
[WhiteElo "2646"]
[BlackElo "2562"]
[PlyCount "99"]
[EventDate "2003.12.20"]

{B52: Sicilian: Moscow Variation with 3...Bd7
} 1. e4 c5 2. Nf3 d6 3. Bb5+ Bd7
4. Bxd7+ Qxd7 5. O-O Nf6 6. e5 dxe5 7. Nxe5 Qc8 8. Qf3 e6 9. d3 Nbd7 $146 (9...
Be7 10. Nc3 O-O (10... Nbd7 11. Nc4 Nb6 12. Na5 Nbd5 13. Bg5 (13. Nxd5 Nxd5 14.
c4 Nb4 15. Qxb7 Qxb7 16. Nxb7 a5 17. Bd2 Ra7 18. Nxa5 Rxa5 19. a3 Nc6 20. Bxa5
Nxa5 21. b4 Nc6 22. Rfb1 Kd7 23. bxc5 Kc7 24. Rb5 Ra8 25. a4 Nd4 26. Rb2 Bxc5
27. a5 Ra6 {Degraeve,J-Naiditsch,A/Belgium 2003/EXT 2004/0-1 (39)}) 13... b6
14. Bxf6 Nxf6 15. Nc4 O-O 16. a4 Rb8 17. Rfe1 a6 18. h3 Qc7 19. Ne5 Bd6 {
1/2-1/2 Glek,I-Motylev,A/Dubai 2001/CBM 83 (19)}) 11. Bf4 Nfd7 (11... Na6 12.
Rfe1 Nb4 13. Rac1 Nbd5 14. Nxd5 Nxd5 15. Bd2 Bf6 16. Re2 Qc7 17. Rce1 Rad8 18.
a3 Qb6 19. Bc1 Ne7 20. c3 Ng6 21. Nxg6 hxg6 22. Bf4 Rd7 23. Rd2 Rfd8 24. Qe4
Qb5 25. Red1 Qb3 26. Kf1 {Csoke,A-Lorenz,B/Straszecin 1989/EXT 2004/1-0 (50)})
12. Qg3 (12. Nc4 Nc6 13. Rfe1 Nd4 14. Qd1 b5 15. Ne5 Bf6 {
1/2-1/2 Rossmann,H-Womacka,M/Eilenburg 1984/MCD (15)}) 12... Nxe5 13. Bxe5 f6
14. Bxb8 Rxb8 15. Rae1 Re8 16. Re2 Qc6 17. Rfe1 Bd6 18. Qg4 Be5 19. Rxe5 fxe5
20. Rxe5 Qd6 21. Qg3 b6 22. Ne4 Qf8 23. Ng5 Rb7 24. f4 {
Grosar,A-Bevilacqua,M/Arco 1997/EXT 2000/1-0 (29)}) 10. Nc4 Nb6 11. Bf4 Nfd5
12. Be5 Qc6 13. Na5 Qd7 14. Na3 f6 15. Bg3 Be7 16. c4 Nb4 17. Nb5 O-O 18. Qxb7
Qxb7 19. Nxb7 e5 20. Na5 a6 21. Nc3 Nxd3 22. Nc6 Kf7 23. b3 Rac8 24. Nxe7 Kxe7
25. f4 exf4 26. Bxf4 Rfd8 27. Bg3 a5 28. Nb5 Rd7 $2 (28... Ne5 $142 $5 $14) 29.
Rf3 $16 Rc6 30. Re3+ Kd8 31. Bd6 Ne5 (31... Nc8 $142 $5 32. Rxd3 Nxd6 $16) 32.
Bxe5 $18 fxe5 33. Rxe5 Re7 34. Rd1+ Ke8 35. Rf5 Ree6 36. Rdf1 Nd7 37. Nc3 Nf6
38. Nd5 Kf7 (38... Re2 $142 $5 $16) 39. g4 $18 h6 40. h4 Kg8 41. g5 hxg5 42.
hxg5 Ne4 43. Kg2 Kh7 44. Nf4 Red6 $2 (44... Re8 $18) 45. Re5 Nd2 (45... Rd2+
46. Kf3 Nxg5+ 47. Rxg5 Rxa2 48. Rh1+ Kg8 49. Rhg1 $18) 46. Rh1+ Kg8 47. Re8+
Kf7 48. Rhh8 g6 49. Nd5 Rd7 (49... Rxd5 50. cxd5 Rd6 $18) 50. Ref8+ (50. Ref8+
Ke6 51. Rf6+ Ke5 52. Rxc6 $18) 1-0

[Event "It"]
[Site "Pamplona ESP"]
[Date "2003.12.27"]
[Round "6"]
[White "Romero Holmes, A."]
[Black "Bologan, V."]
[Result "0-1"]
[WhiteElo "2544"]
[BlackElo "2673"]
[PlyCount "122"]
[EventDate "2003.12.20"]

{B51: Sicilian: Moscow Variation (3 Bb5+) without 3...Bd7
} 1. e4 c5 2. Nf3 d6
3. Bb5+ Nd7 4. d4 a6 5. Bxd7+ Bxd7 6. dxc5 dxc5 (6... Qa5+ 7. Nc3 Qxc5 8. Be3
Qa5 9. Qd5 Qc7 10. e5 e6 11. Qd4 d5 12. O-O Ne7 13. g4 Ng6 14. Rfe1 Rc8 15. Qd2
h5 16. g5 Nxe5 17. Nxe5 Qxe5 18. Bf4 Qf5 19. Nxd5 Qg4+ 20. Bg3 h4 21. Rad1 {
Lisowski,K-Zaskalski,A/Wysowa 2003/CBM 96 ext/1-0 (21)}) 7. Nc3 e6 8. Ne5 Qc7
9. Qxd7+ $146 (9. Nxd7 Rd8 10. Qf3 Rxd7 11. Bf4 Qc6 12. O-O Nf6 13. Rfd1 Be7
14. Rxd7 Nxd7 15. Qg3 O-O 16. Rd1 Rc8 17. Bd6 Bd8 18. e5 Ba5 19. h4 h6 20. h5
Bxc3 21. Qxc3 Qe4 22. a3 Nb6 23. Re1 Qc4 {
Unzicker,W-Najdorf,M/Nice 1974/EXT 2000/1/2-1/2 (39)}) 9... Qxd7 10. Nxd7 Kxd7
11. Bf4 Kc6 12. O-O-O Nf6 13. f3 Be7 14. Ne2 Rad8 15. Rxd8 Rxd8 16. Rd1 Nd7 17.
b3 h5 18. c3 g5 19. Be3 Rg8 20. Rf1 Bd6 21. h3 b5 22. Kc2 f5 23. exf5 exf5 24.
Bd2 Nf6 25. g4 f4 26. gxh5 Nxh5 27. Rg1 Nf6 28. Kd1 Kd7 29. Ke1 Ke6 30. h4 gxh4
31. Rxg8 Nxg8 32. Bxf4 Ne7 33. Kf2 Bxf4 34. Nxf4+ Kd6 35. c4 $2 (35. Kg2 $142
Nd5 36. Nxd5 Kxd5 37. Kh3 $15) 35... bxc4 $19 36. bxc4 Ke5 37. Ne2 Ng6 38. Ke3
Kf5 (38... h3 $142 $5 $19) 39. Nc3 Nf4 40. Ne4 Ne6 41. Nf2 a5 42. a4 Ke5 (42...
Nf4 $142 $5 $17) 43. Ng4+ Kd6 44. Nf2 Ke5 45. Ng4+ Kd6 46. Nf2 Nd4 47. Kf4 (47.
Ne4+ $142 $5 Kc7 48. Kf2 $11) 47... Ne2+ $17 48. Ke3 $2 (48. Kg4 $142 Nc3 49.
f4 Nxa4 50. Ne4+ Kc6 51. Kxh4 $17) 48... Nc3 $19 49. Kf4 Nxa4 50. Ne4+ Kc6 51.
Kg4 Nb2 52. Nd2 (52. Kxh4 Nxc4 53. Kg3 $19) 52... a4 53. f4 (53. Kxh4 a3 54.
Nb3 $19) 53... a3 54. f5 a2 55. Nb3 Nxc4 56. Kxh4 (56. f6 Nd6 57. Na1 Kb5 58.
Kxh4 Kb4 59. Nc2+ Kb3 $19) 56... Kb5 57. f6 (57. Na1 Kb4 58. Kg5 $19) 57... Nd6
58. Kg4 Kb4 59. Na1 Kc3 60. Kf4 Kb2 61. Ke5 Nf7+ (61... Nf7+ 62. Kd5 Kxa1 $19)
0-1

[Event "It"]
[Site "Pamplona ESP"]
[Date "2003.12.28"]
[Round "7"]
[White "Bologan, V."]
[Black "Illescas Cordoba, M."]
[Result "1/2-1/2"]
[WhiteElo "2673"]
[BlackElo "2602"]
[PlyCount "65"]
[EventDate "2003.12.20"]

{D17: Slav Defence: 5 a4 Bf5: Lines with 6 Nh4 and 6 Ne5
} 1. d4 d5 2. c4 c6 3.
Nf3 Nf6 4. Nc3 dxc4 5. a4 Bf5 6. Ne5 Nbd7 7. Nxc4 Nb6 8. e3 e6 9. f3 (9. Ne5
Nbd7 (9... a5 10. Bd3 Bxd3 11. Qxd3 Bb4 12. O-O Nfd7 13. Nxd7 Nxd7 14. Rd1 O-O
15. e4 Qe7 16. Qg3 Rfd8 17. b3 e5 18. Bb2 exd4 19. Rxd4 f6 20. Rad1 Nc5 21. h3
Ne6 22. Rxd8+ Rxd8 23. Rxd8+ Qxd8 24. Qg4 {
Medic,M-Sudakova,I/Punat 2003/EXT 2004/0-1 (48)}) 10. Nd3 Bd6 11. Qb3 Qb6 12.
Qc4 a5 13. Be2 e5 14. Nxe5 Nxe5 15. dxe5 Bxe5 16. O-O O-O 17. Bd3 Be6 18. Qh4
Rad8 19. Bb1 Qb4 20. Ne4 Nxe4 21. Qxe4 Qxe4 22. Bxe4 Rd7 23. Bc2 Rfd8 {
Pekarek,A-Meduna,E/Prague 1992/CBM 27/1/2-1/2 (42)}) 9... Bb4 10. Qb3 $146 (10.
Nxb6 Qxb6 11. e4 Bxe4 12. fxe4 Nxe4 13. Bd2 Qxd4 14. Nxe4 Qxe4+ 15. Qe2 Bxd2+
16. Kxd2 O-O-O+ 17. Kc3 Qd4+ 18. Kb3 Qb6+ 19. Kc2 Rd4 20. Rd1 Qc5+ 21. Kb1 Qf5+
22. Kc1 Qg5+ 23. Kb1 Qf5+ 24. Kc1 Qg5+ {
Motoc,A-Mietzner,T/Patras 2001/CBM 83 ext/1/2-1/2 (25)}) (10. e4 Nxe4 11. fxe4
Qh4+ 12. Kd2 Nxc4+ 13. Kc2 Bg4 14. Be2 Bxe2 15. Qxe2 Nd6 16. g3 Qe7 17. Bf4 g5
18. Be5 f6 19. Bxd6 Bxd6 20. e5 Bc7 21. exf6 Qxf6 22. Qh5+ Qg6+ 23. Qxg6+ hxg6
24. Ne4 O-O-O {Gormally,D-Ansell,S/London 1999/CBM 70 ext/1/2-1/2 (24)}) (10.
Bd2 O-O 11. e4 Bg6 12. Bg5 Nxc4 13. Bxc4 Qa5 14. Qc1 Nd7 15. O-O e5 16. Be3
exd4 17. Bxd4 Ne5 18. Ne2 Rad8 19. Kh1 Rxd4 20. Nxd4 Qc5 21. f4 Qxc4 22. Qxc4
Nxc4 23. f5 Bh5 24. g4 Bxg4 {Weisser,W-Giesen,D/Germany 2002/EXT 2003/0-1 (27)}
) 10... a5 11. Be2 Nxc4 12. Qxc4 O-O 13. e4 e5 14. exf5 exd4 15. O-O dxc3 16.
bxc3 Bd6 17. Bg5 Be7 18. Rab1 Nd5 19. Bc1 Rb8 20. Rd1 Qd6 21. Bd2 Bf6 {
Attacking the isolated pawn on c3} 22. f4 Qe7 23. Re1 Bxc3 24. Bf3 Qf6 25. Bxc3
Nxc3 26. Rbc1 Nd5 27. Bxd5 cxd5 28. Qxd5 h6 29. Qxa5 Qd4+ 30. Kh1 Ra8 31. Qc7
Rxa4 32. Qxb7 Qxf4 33. Rf1 1/2-1/2

[Event "It"]
[Site "Pamplona ESP"]
[Date "2003.12.28"]
[Round "7"]
[White "Karjakin, Sergey"]
[Black "Romero Holmes, A."]
[Result "1-0"]
[WhiteElo "2562"]
[BlackElo "2544"]
[PlyCount "95"]
[EventDate "2003.12.20"]

{B75: Sicilian Dragon: Yugoslav Attack, Miscellaneous
} 1. e4 c5 2. Nf3 d6 3.
d4 cxd4 4. Nxd4 Nf6 5. Nc3 g6 6. Be3 Bg7 7. f3 a6 8. Qd2 Nbd7 9. Bc4 (9. O-O-O
h5 10. Bc4 b5 11. Bd5 Nxd5 12. exd5 Bb7 13. Bg5 Nf6 14. Nc6 Bxc6 15. dxc6 Rc8
16. Bxf6 Bxf6 17. Nd5 Rxc6 18. Nxf6+ exf6 19. Rhe1+ Kf8 20. Re4 h4 21. h3 Rh5
22. Rd4 Kg7 23. Rxd6 Rxd6 {
Volkmann,F-Fridman,D/Istanbul 2003/CBM 96/[Hecht]/0-1 (51)}) 9... Qc7 (9... b5
10. Bd5 Nxd5 11. Nxd5 Bb7 12. c3 Bxd5 13. exd5 Nb6 14. Nc6 Qc7 15. Bd4 Bxd4 16.
Qxd4 O-O 17. O-O e6 18. Ne7+ Qxe7 19. Qxb6 exd5 20. Rfe1 Qa7 21. Qxa7 Rxa7 22.
Rad1 Rc7 23. Rxd5 Rd8 24. Re4 {
Ferreiro Pailos,A-Pita Romero,A/Mondariz 2003/EXT 2004/1/2-1/2 (48)}) 10. Bb3
h6 $146 (10... Nc5 11. O-O-O Nxb3+ 12. cxb3 Bd7 13. Kb1 O-O 14. g4 Bc6 15. Bh6
Rad8 16. h4 e5 17. Nxc6 bxc6 18. h5 Qe7 19. Bg5 Rd7 20. Rh3 Qe6 21. Rdh1 d5 22.
Bxf6 Bxf6 23. exd5 cxd5 24. g5 Qf5+ 25. Ka1 {
Nielsen,H-Enevoldsen,J/Aalborg 1960/MCD/0-1 (42)}) 11. O-O-O Nb6 12. e5 Nfd7
13. exd6 Qxd6 14. Rhe1 Qc7 15. Bf4 e5 16. Ndb5 axb5 17. Nxb5 Qc6 $4 (17... Qc5
18. Nd6+ Ke7 19. Nxf7 Nc4 20. Bxe5 Ncxe5 21. Nxh8 Kd8 22. Nf7+ Nxf7 23. Bxf7
Kc7 24. Qf4+ Kb6 25. Qd6+ Qc6 $18) 18. Nd6+ Kf8 19. Nxf7 Nc5 20. Qd8+ Qe8 21.
Qxe8+ (21. Nxe5 $142 Nxb3+ 22. cxb3 $18) 21... Kxe8 22. Nxh8 Nxb3+ 23. axb3
Bxh8 24. Bxe5 Bxe5 25. Rxe5+ Kf7 26. Rd4 Nd7 27. Rf4+ Nf6 28. Ra4 Rb8 29. Rea5
b5 30. Ra8 Rb6 31. R4a7+ Bd7 32. Ra6 Rxa6 33. Rxa6 Nd5 34. Kd2 Nf4 35. g3 Ne6
36. Ke3 h5 37. Rb6 Ke7 38. b4 Be8 39. b3 Ng7 40. c4 Nf5+ 41. Ke4 Nd6+ 42. Ke5
Nf7+ 43. Kd5 Ng5 (43... Nd8 44. f4 $18) 44. Rb7+ Kf6 45. f4 (45. cxb5 Bf7+ 46.
Rxf7+ Kxf7 47. b6 $18) 45... Nf3 (45... Bf7+ 46. Kc5 Ne4+ 47. Kd4 Nd2 48. Rxb5
Be6 $18) 46. cxb5 Nxh2 (46... Bxb5 47. Rxb5 Nxh2 $18) 47. b6 Nf1 48. Rc7 (48.
Rc7 Nxg3 49. b7 Bf7+ 50. Kd4 Nf5+ 51. Kd3 $18) 1-0